000 00347pab a2200145 454500
008 180718b2005 xxu||||| |||| 00| 0 eng d
100 _aChandra, Ashoka
245 _aMy vision of technical education
260 _c2005
300 _ap.20-29.
362 _a26 Sep
650 _aTechnical education
773 _aUniversity News
909 _a67155
999 _c67155
_d67155